000 00543nam a2200193Ia 4500
005 20250508153658.0
008 008 250505s9999 xx 000 0 eng d
037 _aTextual
040 _aFEDL
_beng
_cFEDL
041 _aeng
_2eng
084 _a370.1, REE
_qFEDL
100 _aReeder Ward G.
_9139649
245 0 _aFirst course in education
260 _aNew York, USA
_bThe Macmillan Company
_c1945
300 _axvii,656p.
650 _aEducation - Philosophy
942 _cTEXL
_h370.1, REE
999 _c1344734
_d1344734